000 00558nam a2200229Ia 4500
003 OSt
005 20221007082446.0
006 a|||||r|||| 00| 0
007 ta
008 221006b |||||||| |||| 00| 0 eng d
024 _a12,684
037 _cTextual
040 _aFLL
_cFLL
_beng
041 _2eng
_aeng
082 _aV3:238:N7, L4
100 _aIvany R.E.
_9699100
245 0 _aReadings on ombudsmanship
260 _c1974
300 _a119p
_ccm.
942 _hV3:238:N7, L4
_cTEXL
_2CC
999 _c1166500
_d1166500